| 000 | 02022cam a2200601 4500 | ||
|---|---|---|---|
| 001 | PE-LiUPU | ||
| 003 | PE-LiUPU | ||
| 005 | 20250731170502.0 | ||
| 008 | 100326s2010 sp | |||| 000 0 spa | ||
| 015 | _aMON10 | ||
| 017 |
_aB 285-2010 _bOficina Depósito Legal Barcelona |
||
| 020 | _a9788496981676 | ||
| 035 | _a(OCoLC)776283672 | ||
| 040 |
_aPE-LiUPU _bspa _cPE-LiUPU _erda |
||
| 080 | _a159.942 | ||
| 080 | _a179.9 | ||
| 080 | _a159.928 | ||
| 082 |
_223 _a158.1 _bA473c |
||
| 100 | 1 |
_aÁlvarez de Mon, Santiago _0XX1298953 _eautor |
|
| 245 | 1 | 0 |
_aCon ganas, ganas : _bDel esfuerzo a la plenitud / _cSantiago Álvarez de Mon, con la colaboración especial de Cristina Ramírez Bañares |
| 250 | _aSegunda edición. | ||
| 264 |
_aBarcelona : _bPlataforma ; _c2010. |
||
| 300 |
_a280 páginas : _c22 centímetros. |
||
| 500 | _aIncluye agradecimientos y epílogo. | ||
| 505 | _aClaves de una sociedad paradójica: la educación, única salida -- La vida, un juego incierto: el partido interior -- Talentos y posibilidades del ser humano: la figura del maestro/mentor -- Fortaleza mental: la cultura del esfuerzo y la disciplina -- Lógica e intuición de momentos sublimes: el misterio de la felicidad -- Carpe diem, una visión circular del tiempo: el arte de vivir. | ||
| 526 | _aSEG68 | ||
| 526 | _aSEG70 | ||
| 526 | _aSEG69 | ||
| 526 | _aSEG67 | ||
| 526 | _aSEG43 | ||
| 526 | _aP144 | ||
| 526 | _aP143 | ||
| 526 | _aP131 | ||
| 526 | _aP122 | ||
| 526 | _aP120 | ||
| 526 | _aP117 | ||
| 526 | _aP112 | ||
| 526 | _aP110 | ||
| 526 | _aP106 | ||
| 526 | _aP101 | ||
| 526 | _aP80 | ||
| 526 | _aP59 | ||
| 526 | _aP54 | ||
| 526 | _aP35 | ||
| 526 | _aP33 | ||
| 526 | _aP30 | ||
| 650 | 1 | 7 |
_aActitud (Psicología) _2embne |
| 650 | 2 | 7 |
_aVoluntad _2embne |
| 650 | 2 | 7 |
_aAptitudes _2embne |
| 700 | 1 |
_aRamírez Bañares, Cristina _ecolaboradora. |
|
| 942 |
_2ddc _cBK _n0 |
||
| 980 |
_618228 _aChristian Lazo Analista Documental _81 _gALBERTO SANCHEZ Responsable de Automatización |
||
| 999 |
_c62411 _d62410 |
||